Statistics for 第一次府県統合後の府県(1872年)

Click here to take the quiz!

General Stats

  • This quiz has been taken 60 times
  • The average score is 50 of 75

Answer Stats

HintAnswer% Correct
関東東京府
100%
近畿大阪府
98%
近畿京都府
98%
関東神奈川県
94%
中部新潟県
94%
九州長崎県
92%
近畿兵庫県
90%
九州福岡県
90%
関東栃木県
88%
中国広島県
88%
近畿和歌山県
88%
九州伊万里県
88%
中国山口県
86%
中国島根県
86%
関東群馬県
86%
中国鳥取県
86%
近畿奈良県
86%
中部名古屋県
86%
東北仙台県
84%
中国岡山県
84%
東北秋田県
84%
東北福島県
84%
九州鹿児島県
84%
関東茨城県
84%
東北青森県
82%
中部金沢県
82%
九州熊本県
82%
関東埼玉県
82%
九州大分県
82%
中部静岡県
82%
東北山形県
82%
中部山梨県
80%
中部岐阜県
80%
中部長野県
80%
四国高知県
80%
四国香川県
80%
東北盛岡県
80%
近畿安濃津県
80%
近畿飾磨県
76%
中部浜松県
76%
中部敦賀県
73%
近畿豊岡県
71%
四国松山県
71%
近畿堺県
67%
九州八代県
65%
関東宇都宮県
65%
近畿大津県
63%
九州小倉県
63%
四国宇和島県
59%
中国浜田県
57%
東北置賜県
57%
九州都城県
55%
東北酒田県
55%
中部七尾県
53%
東北水沢県
51%
中部筑摩県
49%
東北若松県
47%
関東木更津県
47%
中部柏崎県
45%
四国名東県
45%
九州美々津県
41%
関東
入間県
41%
中部新川県
37%
近畿長浜県
37%
中部足羽県
35%
関東印旛県
33%
中部額田県
33%
関東足柄県
33%
中国深津県
33%
九州三潴県
29%
関東新治県
29%
中部相川県
27%
近畿度会県
27%
東北磐前県
22%
中国北条県
20%

Score Distribution

Percentile by Number Answered

Percent of People with Each Score

Your Score History

You have not taken this quiz